Movies Quiz

Random Movies or Animation Quiz

Disney Movie Working Titles Quiz Stats

 Plays Quiz Updated Feb 22, 2018

Also try: Disney Villains
Challenge
Share
Tweet
Embed
Score 0/20 Timer 07:00
3 Plays Today
% Correct
Frozen
94.5%
Tangled
92.7%
The Lion King
92.4%
Inside Out
91.3%
Cars
90%
Bolt
89.9%
Mulan
88.9%
Wall-E
88.3%
The Incredibles
85%
Ratatouille
83.6%
% Correct
Brave
69%
The Great Mouse Detective
65.9%
The Adventures of Ichabod and Mister Toad
64.4%
The Emperor’s New Groove
50.2%
Fantasia
30.9%
Monsters, Inc.
29.7%
Home on the Range
29.2%
Make Mine Music
28.8%
Melody Time
26.6%
The Three Caballeros
11.9%

You're not logged in!

Compare scores with friends on all Sporcle quizzes.
Join for Free
OR
Log In

You Might Also Like...

Show Comments

Extras

Top Quizzes Today


Score Distribution

Your Account Isn't Verified!

In order to create a playlist on Sporcle, you need to verify the email address you used during registration. Go to your Sporcle Settings to finish the process.

Report this User

Report this user for behavior that violates our Community Guidelines.

Details: